000 00626nam a2200229Ia 4500
003 OSt
005 20221006165441.0
006 a|||||r|||| 00| 0
007 ta
008 221006b |||||||| |||| 00| 0 hin d
024 _a6,225
037 _cTextual
040 _aFML
_cFML
_bhin
041 _2hin
_ahin
082 _aNRm44,N35, 152K9 -; 2
100 _aSangeet Karyalaya Ed.
245 0 _aSangeet Qawwali Ank
260 _aHathras
_bSangeet Karyalaya India
_c1979
300 _a180
_ccm.
942 _hNRm44,N35, 152K9 -; 2
_cTEXL
_2CC
999 _c1120861
_d1120861